Caracterización del carbón activado obtenido a partir de semilla de nancite a escala de laboratorio

Trata sobre la caracterización física química de la semilla de nancite como precursor del carbón activado, también se caracterizó el mismo.Las técnicas utilizadas para la caracterización son combustión y lectura con infrarrojo para determinación del contenido de carbono, hidrógeno y nitro...

Full description

Bibliographic Details
Main Author: Marenco Meneses, Luis Enrique
Other Authors: Tutor: López, Danilo
Format: Tesis Section = Libro
Language:Undetermined
Spanish
Published: Managua UNI 2006
Subjects:
LEADER 01134nam a2200253Ia 4500
008 240830s9999 xx 000 0 und d
040 |a CEDOC DACA-RUSB / Mon 662.93 M324 
041 |a spa 
082 |a Mon 662.93 M324 
100 1 |a Marenco Meneses, Luis Enrique 
245 1 0 |a Caracterización del carbón activado obtenido a partir de semilla de nancite a escala de laboratorio 
260 |a Managua  |b UNI  |c 2006 
300 |a 61 p. :il 
500 |a Contiene glosario 
502 |a Tesis (Ingeniero Químico) -UNI, 2006. 
520 3 |a Trata sobre la caracterización física química de la semilla de nancite como precursor del carbón activado, también se caracterizó el mismo.Las técnicas utilizadas para la caracterización son combustión y lectura con infrarrojo para determinación del contenido de carbono, hidrógeno y nitrógeno. 
650 7 |a CARBONES ACTIVADOS - SEMILLA DE NANCITE 
650 7 |b  TIPOS DE ABSORBENTES. 
650 7 |c  CARACTERIZACION - CARBON ACTIVADO. 
650 7 |d  PRODUCCION - CARBON ACTIVADO 
700 1 |a Tutor:  |b López, Danilo 
942 |c BK  |2 ddc 
991 |a TESIS 
999 |c 26048